| 000 | 01156nac a22003857a 4500 | ||
|---|---|---|---|
| 001 | BR0402579 | ||
| 003 | BR-BrBNA | ||
| 005 | 20240105123013.0 | ||
| 008 | 230509b bl.|||m| |||| 00| 0 por d | ||
| 040 |
_aBR-BrBNA _bpor _cBiblioteca Nacional de Agricultura |
||
| 072 | _aF01 | ||
| 090 | _a1720 BR0402579 | ||
| 100 | 1 | _aSantos, A.V.X. dos | |
| 100 | 1 | _aMelo, L.F.F.(coords.) | |
| 110 | 1 | _aEmpresa Baiana de Desenvolvimento Agrícola S.A., Salvador, BA (Brasil) | |
| 245 | 1 | _aSistema de produção de alho | |
| 260 | 3 |
_aSalvador, BA (Brasil): _c2003. |
|
| 300 | _a22 p. | ||
| 490 |
_aSérie Extensão - Empresa Baiana de Desenvolvimento Agrícola S.A. (Brazil) _vno. 8 _x |
||
| 500 | _a6 tables | ||
| 650 | _aALHO | ||
| 650 | _aSISTEMA DE PRODUÇÃO | ||
| 650 | _aMANEJO DO SOLO | ||
| 650 | _aCONSERVAÇÃO DO SOLO | ||
| 650 | _aADUBAÇÃO | ||
| 650 | _aÉPOCA DE PLANTIO | ||
| 650 | _aESPAÇAMENTO | ||
| 650 | _aCOBERTURA MORTA | ||
| 650 | _aCOLHEITA | ||
| 650 | _aARMAZENAMENTO | ||
| 650 | _aCLASSIFICAÇÃO DE PRODUTO | ||
| 650 | _aEMBALAGEM | ||
| 909 |
_a202312 _bLúcia Elande _c55 _dLúcia Elande |
||
| 942 |
_2AGRIS _n0 _cMS |
||
| 999 |
_c293605 _d293605 |
||